00350nam a2200133Ia 4500008004100000020001800041041000800059082001600067100001600083245004300099260003900142700001800181700001700199230717s9999 xx 000 0 und d a0-8039-7111-7 aeng a304.66bDAV aDavis C. M  aHandbook Of Sexuality-related Measures aNew DelhibSage Publicationsc1998 a Yarber W. L. aBauserman R.